<?xml version="1.0" encoding="UTF-8"?>
<record
    xmlns:xsi="http://www.w3.org/2001/XMLSchema-instance"
    xsi:schemaLocation="http://www.loc.gov/MARC21/slim http://www.loc.gov/standards/marcxml/schema/MARC21slim.xsd"
    xmlns="http://www.loc.gov/MARC21/slim">

  <leader>04419cam a2200397 i 4500</leader>
  <datafield tag="952" ind1=" " ind2=" ">
    <subfield code="0">0</subfield>
    <subfield code="1">0</subfield>
    <subfield code="2">ddc</subfield>
    <subfield code="4">0</subfield>
    <subfield code="7">0</subfield>
    <subfield code="8">FOR</subfield>
    <subfield code="a">MES</subfield>
    <subfield code="b">MES</subfield>
    <subfield code="c">FOR </subfield>
    <subfield code="d">2022-01-05</subfield>
    <subfield code="e">41</subfield>
    <subfield code="g">480.00</subfield>
    <subfield code="l">1</subfield>
    <subfield code="m">1</subfield>
    <subfield code="o">614.1 JAM/G</subfield>
    <subfield code="p">41340</subfield>
    <subfield code="r">2025-12-16 15:37:16</subfield>
    <subfield code="s">2025-11-27</subfield>
    <subfield code="v">480.00</subfield>
    <subfield code="w">2022-01-05</subfield>
    <subfield code="y">BK</subfield>
    <subfield code="z">GL51R4</subfield>
  </datafield>
  <datafield tag="999" ind1=" " ind2=" ">
    <subfield code="c">41391</subfield>
    <subfield code="d">41391</subfield>
  </datafield>
  <controlfield tag="001">18817889</controlfield>
  <controlfield tag="003">OSt</controlfield>
  <controlfield tag="005">20220103130749.0</controlfield>
  <controlfield tag="008">151015t20162016njua     b    001 0 eng  </controlfield>
  <datafield tag="010" ind1=" " ind2=" ">
    <subfield code="a">  2015040516</subfield>
  </datafield>
  <datafield tag="020" ind1=" " ind2=" ">
    <subfield code="a">9781118751527 (hardback)</subfield>
  </datafield>
  <datafield tag="020" ind1=" " ind2=" ">
    <subfield code="a">1118751523 (hardback)</subfield>
  </datafield>
  <datafield tag="040" ind1=" " ind2=" ">
    <subfield code="a">DLC</subfield>
    <subfield code="b">eng</subfield>
    <subfield code="c">DLC</subfield>
    <subfield code="e">rda</subfield>
    <subfield code="d">DLC</subfield>
  </datafield>
  <datafield tag="042" ind1=" " ind2=" ">
    <subfield code="a">pcc</subfield>
  </datafield>
  <datafield tag="050" ind1="0" ind2="0">
    <subfield code="a">RA1057.55</subfield>
    <subfield code="b">.G85 2016</subfield>
  </datafield>
  <datafield tag="082" ind1="0" ind2="0">
    <subfield code="a">614.1</subfield>
    <subfield code="b">JAM/G</subfield>
  </datafield>
  <datafield tag="084" ind1=" " ind2=" ">
    <subfield code="a">LAW041000</subfield>
    <subfield code="2">bisacsh</subfield>
  </datafield>
  <datafield tag="245" ind1="0" ind2="2">
    <subfield code="a">A guide to forensic DNA profiling /</subfield>
    <subfield code="c">editors, Allan Jamieson, Scott Bader, The Forensic Institute, Glasgow, UK.</subfield>
  </datafield>
  <datafield tag="264" ind1=" " ind2="1">
    <subfield code="a">Chichester, West Sussex, United Kingdom :</subfield>
    <subfield code="b">Wiley,</subfield>
    <subfield code="c">[2016]</subfield>
  </datafield>
  <datafield tag="264" ind1=" " ind2="4">
    <subfield code="c">&#xA9;2016</subfield>
  </datafield>
  <datafield tag="300" ind1=" " ind2=" ">
    <subfield code="a">xxiii, 413 pages :</subfield>
    <subfield code="b">illustrations (some color) ;</subfield>
    <subfield code="c">26 cm</subfield>
  </datafield>
  <datafield tag="336" ind1=" " ind2=" ">
    <subfield code="a">text</subfield>
    <subfield code="2">rdacontent</subfield>
  </datafield>
  <datafield tag="337" ind1=" " ind2=" ">
    <subfield code="a">unmediated</subfield>
    <subfield code="2">rdamedia</subfield>
  </datafield>
  <datafield tag="338" ind1=" " ind2=" ">
    <subfield code="a">volume</subfield>
    <subfield code="2">rdacarrier</subfield>
  </datafield>
  <datafield tag="504" ind1=" " ind2=" ">
    <subfield code="a">Includes bibliographical references and index.</subfield>
  </datafield>
  <datafield tag="520" ind1=" " ind2=" ">
    <subfield code="a">"The increasingly arcane world of DNA profiling demands that those needing to understand at least some of it must find a source of reliable and understandable information.  Combining material from the successful Wiley Encyclopedia of Forensic Science with newly commissioned and updated material, the Editors have used their own extensive experience in criminal casework across the world to compile an informative guide that will provide knowledge and thought-provoking articles of interest to anyone involved or interested in the use of DNA in the forensic context. Following extensive introductory chapters covering forensic DNA profiling and forensic genetics, this comprehensive volume presents a substantial breadth of material covering:    Fundamental material  - including sources of DNA, validation, and accreditation   Analysis and interpretation - including, extraction, quantification, amplification and  interpretation of electropherograms (epgs)   Evaluation - including mixtures, low template, and transfer   Applications - databases, paternity and kinship, mitochondrial-DNA, wildlife DNA, single-nucleotide polymorphism, phenotyping and familial searching   Court  - report writing, discovery, cross examination, and current controversies    With contributions from leading experts across the whole gamut of forensic science, this volume is intended to be authoritative but not authoritarian, informative but comprehensible, and comprehensive but concise.  It will prove to be a valuable addition, and useful resource, for  scientists, lawyers,  teachers, criminologists, and judges"--</subfield>
    <subfield code="c">Provided by publisher.</subfield>
  </datafield>
  <datafield tag="520" ind1=" " ind2=" ">
    <subfield code="a">"The increasingly arcane world of DNA profiling demands that those needing to understand at least some of it must find a source of reliable and understandable information. Combining material from the successful Encyclopedia of Forensic Science with newly commissioned and updated material, the Editors have used their own extensive experience in criminal casework across the world to compile an informative guide that will provide knowledge and thought-provoking articles of interest to anyone involved or interested in the use of DNA in the forensic context. Following extensive introductory chapters covering forensic DNA profiling and forensic genetics, this comprehensive volume presents a substantial breadth of material covering: - Fundamental material -- including sources of DNA, validation, and accreditation - Analysis and interpretation -- including, extraction, quantification, amplification and interpretation of electropherograms (epgs) - Evaluation -- including mixtures, low template, and transfer - Applications -- databases, paternity and kinship, mitochondrial-DNA, wildlife DNA, single-nucleotide polymorphism, phenotyping and familial searching - Court - report writing, discovery, cross examination, and current controversies"--</subfield>
    <subfield code="c">Provided by publisher.</subfield>
  </datafield>
  <datafield tag="650" ind1=" " ind2="0">
    <subfield code="a">DNA fingerprinting.</subfield>
  </datafield>
  <datafield tag="700" ind1="1" ind2=" ">
    <subfield code="a">Jamieson, Allan</subfield>
    <subfield code="e">editor.</subfield>
    <subfield code="9">8953</subfield>
  </datafield>
  <datafield tag="700" ind1="1" ind2=" ">
    <subfield code="a">Bader, Scott</subfield>
    <subfield code="e">editor.</subfield>
    <subfield code="9">8954</subfield>
  </datafield>
  <datafield tag="776" ind1="0" ind2="8">
    <subfield code="i">Online version:</subfield>
    <subfield code="t">Guide to forensic DNA profiling</subfield>
    <subfield code="d">Hoboken : Wiley, 2016</subfield>
    <subfield code="z">9781118751503</subfield>
    <subfield code="w">(DLC) 2015040674</subfield>
  </datafield>
  <datafield tag="856" ind1="4" ind2="2">
    <subfield code="3">Cover image</subfield>
    <subfield code="u">http://catalogimages.wiley.com/images/db/jimages/9781118751527.jpg</subfield>
  </datafield>
  <datafield tag="906" ind1=" " ind2=" ">
    <subfield code="a">7</subfield>
    <subfield code="b">cbc</subfield>
    <subfield code="c">orignew</subfield>
    <subfield code="d">1</subfield>
    <subfield code="e">ecip</subfield>
    <subfield code="f">20</subfield>
    <subfield code="g">y-gencatlg</subfield>
  </datafield>
  <datafield tag="942" ind1=" " ind2=" ">
    <subfield code="2">ddc</subfield>
    <subfield code="c">BK</subfield>
    <subfield code="h">614.1</subfield>
    <subfield code="i">JAM/G</subfield>
    <subfield code="k">614.1</subfield>
    <subfield code="m">JAM/G</subfield>
  </datafield>
</record>
